000 00262nam a22001097a 4500
005 20251008112952.0
008 251008b |||||||| |||| 00| 0 eng d
040 _cPK-LaNCA
082 _a720.5
_bLUC
245 _aLUCIO Costa:Brasilia's superquadra
942 _cBK
999 _c66849
_d66849